[Event "FRA-ch U12"]
[Site "Montbeliard"]
[Date "2014.04.21"]
[Round "2"]
[White "Domeneghetty, Quentin"]
[Black "Chargelegue, Thomas"]
[Result "0-1"]
[WhiteElo "1544"]
[BlackElo "1862"]
[PlyCount "104"]
[EventDate "2014.04.21"]
[EventType "swiss"]
[EventRounds "9"]
[EventCountry "FRA"]
[SourceTitle "CBM 160 Extra"]
[Source "ChessBase"]
[SourceDate "2014.07.01"]
[SourceVersion "1"]
[SourceVersionDate "2014.07.01"]
[SourceQuality "1"]

1. f4 d5 2. Nf3 Nf6 3. e3 Bg4 4. h3 Bxf3 5. Qxf3 c6 6. b3 Nbd7 7. Bb2 Qc7 8. c4 e6 9. Nc3 Bd6 10. cxd5 exd5 11. Rc1 a6 12. Qg3 d4 13. Ne2 dxe3 14. Qxe3+ Kf8 15. g3 Re8 16. Qd3 Nc5 17. Qc2 Nce4 18. Rg1 Bb4 19. Bc3 Bxc3 20. dxc3 Qb6 21. Rg2 Nd5 22. Qd3 Qa5 23. b4 Qa3 24. Rb1 Nexc3 25. Rb3 Qc1+ 26. Kf2 Nxe2 27. Bxe2 Qa1 28. Qc2 Qd4+ 29. Ke1 Ne3 30. Rxe3 Qxe3 31. Qd1 Qc3+ 32. Qd2 Qxd2+ 33. Kxd2 Ke7 34. Bc4 f6 35. Kc3 Kd6 36. Rd2+ Kc7 37. Rd3 g6 38. a4 Re7 39. a5 Rhe8 40. Kd2 Re2+ 41. Kc3 R2e3 42. g4 Rxd3+ 43. Kxd3 Kd6 44. Kd4 g5 45. f5 Re1 46. Bg8 h6 47. Bf7 Rh1 48. Bh5 Rxh3 49. Kc4 Rh1 50. Bf7 Rc1+ 51. Kd4 c5+ 52. bxc5+ Rxc5 0-1